000 00592nam a2200205Ia 4500
003 OSt
005 20260316120353.0
008 220923b |||||||| |||| 00| 0 eng d
037 _ctextbook
040 _aRTL
_cRTL
_beng
041 _2eng
_aeng
084 _aX9(J):76.2.N8 M3/TD1
_qRTL
100 _aKahlon, A. S.
_9294987
245 0 _aAgricultural price policy in India.
260 _c1983
300 _av, 510 p.
_binculed biblograpical refrence an index
700 _a Tyagi, D. S.
_9258641
942 _hX9(J):76.2.N8, M3/TD
_cTB
_2CC
_n0
999 _c667125
_d667125